|
|
|
|
| LEADER |
00000cam a2200000 7i4500 |
| 001 |
0000001632 |
| 005 |
20010903.0 |
| 090 |
0 |
0 |
|a FAO333.7515
|b FAO 1987
|
| 110 |
1 |
0 |
|a FAO Regional Workshop on Planning Self-help Fuelwood Projects in Asia
|k 1987
|j Thailand
|
| 245 |
0 |
0 |
|a Planning self-help forestry projects in Asia :
|b based on the Workshop on Planning Self-help Fuelwood Projects in Asia, Chaing Mai and Khon Kaen, Thailand, 2-13 February 1987
|
| 260 |
0 |
0 |
|a Sweden; Bangkok :
|b Swedish International Development Authority; Food and Agriculture Organization of the United Nations ,
|c 1987
|
| 300 |
|
|
|a 84 p. :
|b ill. ;
|c 28 cm.
|
| 500 |
0 |
0 |
|a Bibliography : p. 66-67
|
| 650 |
0 |
0 |
|a Fuelwood
|z Asia
|x Congresses
|
| 998 |
|
|
|a JPSM
|
| 999 |
|
|
|a 0000002930
|b Monograph
|c Open Shelf
|e Default branch
|